| 000 | 00424nam a2200181Ia 4500 | ||
|---|---|---|---|
| 005 | 20250423094325.0 | ||
| 008 | 250422s9999 xx 000 0 und d | ||
| 020 | _a1-884133-52-5 | ||
| 050 | _aQA 76.76 .D47 L35/ | ||
| 100 | _aLalani, Suleiman Sam | ||
| 245 | 0 | _aActive programmers library | |
| 260 | _aLas Vegas | ||
| 260 | _bJamsa Press | ||
| 260 | _c1997 | ||
| 300 | _a483 p | ||
| 650 | _aComputer | ||
| 942 | _cBK | ||
| 999 |
_c26909 _d26909 |
||